Los esquimales.
Guardado en:
| Formato: | |
|---|---|
| Series: | El mundo que desaparece
|
| Materias: | |
| Etiquetas: |
Agregar Etiqueta
Sin Etiquetas, Sea el primero en etiquetar este registro!
|
| LEADER | 00906ngm a22002655g 4500 | ||
|---|---|---|---|
| 001 | CEM.cems021657 | ||
| 008 | 130507b1992##################0###0#####d | ||
| 005 | 20240903142532.0 | ||
| 245 | 0 | 0 | |a Los esquimales. |
| 300 | |a 54 | ||
| 490 | 0 | |a El mundo que desaparece | |
| 500 | |a En soporte VHS, consultar en ventanilla. | ||
| 505 | 0 | |a Los esquimales de Laguna Inlet. La penetración blanca. Pérdida de los hábitos nómades. La caza. Costumbres del pasado. Los iglúes. Relatos de esquimales. | |
| 538 | |a Soporte: VHS - Norma: Pal N - Color - Grabación DRD 1992 - Hitachi=0000 | ||
| 082 | 5 | 7 | |/ MUN |
| 653 | |a SOCIOLOGIA | ||
| 653 | |a ANTROPOLOGIA | ||
| 653 | |a ESQUIMALES | ||
| 653 | |a GEOGRAFIA HUMANA | ||
| 653 | |a GEOGRAFIA | ||
| 653 | |a IGLUES | ||
| 653 | |a COSTUMBRES | ||
| 653 | |a NOMADES | ||
| 653 | |a NIVEL SECUNDARIO | ||
| 859 | |a CEMS |b BIB. CEMS - Depto. Recursos Didacticos |h 572 |i MUN |k DRD |p 300.12 |t Ej.1 | ||
